[Event "Kharkov op"]
[Site "Kharkov"]
[Date "2007.10.27"]
[Round "9"]
[White "Arzumanian, Georgy"]
[Black "Onischuk, Vladimir"]
[Result "0-1"]
[WhiteElo "2493"]
[BlackElo "2469"]
[PlyCount "164"]
[EventDate "2007.10.21"]
[EventType "swiss"]
[EventRounds "11"]
[EventCountry "UKR"]
[SourceTitle "EXT 2009"]
[Source "ChessBase"]
[SourceDate "2008.11.26"]
[SourceVersion "1"]
[SourceVersionDate "2008.11.26"]
[SourceQuality "1"]

1. e4 c5 2. Nc3 d6 3. Nf3 Nf6 4. d4 cxd4 5. Nxd4 a6 6. Be2 e5 7. Nb3 Be7 8. 0-0 0-0 9. Re1 Be6 10. Bf3 Nbd7 11. a4 h6 12. Nd2 Rc8 13. Nf1 Rc4 14. Be3 Qc7 15. a5 Rb4 16. Qc1 Rc8 17. Bd2 Rd4 18. Be3 Rb4 19. Bd2 Rd4 20. Be3 Rc4 21. Ng3 Qd8 22. Qd2 Ng4 23. Bxg4 Bxg4 24. f3 Be6 25. Nf1 R4c6 26. Rec1 b5 27. axb6 Nxb6 28. Nd5 Nc4 29. Qe2 Nxb2 30. Rxa6 Nc4 31. Rxc6 Rxc6 32. Bf2 Bxd5 33. exd5 Rc8 34. Ra1 Bg5 35. Ra6 Qd7 36. Qd3 g6 37. Qb3 Kg7 38. Ra4 Qc7 39. g3 Bd8 40. Ra7 Qb8 41. Rb7 Qa8 42. Qb5 Nb6 43. Rxb6 Bxb6 44. Qxb6 Qxd5 45. Ne3 Qd2 46. Qa6 Rc3 47. Qb6 d5 48. Kg2 h5 49. Qb4 Rd3 50. Qxd2 Rxd2 51. c3 Kf6 52. Kf1 Ke6 53. c4 d4 54. Nd5 Rc2 55. Nb6 g5 56. h3 d3 57. Ke1 f5 58. g4 Rc1+ 59. Kd2 Rc2+ 60. Ke1 hxg4 61. hxg4 f4 62. Na4 Rc1+ 63. Kd2 Rc2+ 64. Ke1 Rxc4 65. Nc5+ Kd5 66. Nxd3 e4 67. fxe4+ Kxe4 68. Kd2 Rc8 69. Ne1 Ra8 70. Ke2 Ra2+ 71. Kf1 f3 72. Kg1 Kf4 73. Nd3+ Kxg4 74. Ne5+ Kf4 75. Nd3+ Kf5 76. Ne1 Ke4 77. Kf1 Kf4 78. Nd3+ Ke4 79. Ne1 Ra1 80. Kg1 Kf4 81. Kh2 Ra2 82. Kg1 g4 0-1

[Event "Kharkov op"]
[Site "Kharkov"]
[Date "2007.10.25"]
[Round "6"]
[White "Erturan, Yakup"]
[Black "Arzumanian, Georgy"]
[Result "1/2-1/2"]
[WhiteElo "2419"]
[BlackElo "2493"]
[PlyCount "85"]
[EventDate "2007.10.21"]
[EventType "swiss"]
[EventRounds "11"]
[EventCountry "UKR"]
[SourceTitle "EXT 2009"]
[Source "ChessBase"]
[SourceDate "2008.11.26"]
[SourceVersion "1"]
[SourceVersionDate "2008.11.26"]
[SourceQuality "1"]

1. e4 c5 2. Nf3 Nc6 3. Nc3 d6 4. d4 cxd4 5. Nxd4 Nf6 6. Be2 e5 7. Nf3 h6 8. 0-0 Be7 9. h3 0-0 10. Re1 Be6 11. Bf1 Qd7 12. Nd5 Bd8 13. c4 Bxd5 14. exd5 Ne7 15. a4 a5 16. Qb3 Qc7 17. Be3 Nd7 18. Qa3 Nf5 19. Bd2 b6 20. Qd3 Nh4 21. Nxh4 Bxh4 22. Qf5 Bf6 23. c5 Nxc5 24. Bxh6 Qd8 25. Be3 Rc8 26. Bb5 g6 27. Qg4 Kg7 28. Rac1 Rc7 29. Rc2 Be7 30. Qe2 f5 31. Bd2 Bf6 32. Rec1 Bg5 33. Bxg5 Qxg5 34. Rf1 Qf6 35. f3 Rh8 36. Rb1 Qf7 37. b4 axb4 38. Rxb4 e4 39. fxe4 fxe4 40. Qe3 Qxd5 41. Rd4 Qe5 42. Rxe4 Qf6 43. Rf4 1/2-1/2

[Event "Kharkov op"]
[Site "Kharkov"]
[Date "2007.10.24"]
[Round "4"]
[White "Arzumanian, Georgy"]
[Black "Zherebukh, Yaroslav"]
[Result "1/2-1/2"]
[WhiteElo "2493"]
[BlackElo "2450"]
[PlyCount "106"]
[EventDate "2007.10.21"]
[EventType "swiss"]
[EventRounds "11"]
[EventCountry "UKR"]
[SourceTitle "EXT 2009"]
[Source "ChessBase"]
[SourceDate "2008.11.26"]
[SourceVersion "1"]
[SourceVersionDate "2008.11.26"]
[SourceQuality "1"]

1. e4 c5 2. Nf3 d6 3. d4 cxd4 4. Nxd4 Nf6 5. Nc3 a6 6. Be2 e6 7. 0-0 Be7 8. a4 Nc6 9. Be3 0-0 10. f4 Qc7 11. Kh1 Re8 12. Bd3 Nb4 13. a5 Bd7 14. Qe1 Ng4 15. Bg1 e5 16. Nde2 Bc6 17. h3 Nf6 18. fxe5 dxe5 19. Ng3 g6 20. Be3 Rad8 21. Bb6 Qd6 22. Rf3 Qe6 23. Qf2 Rc8 24. Bf1 h5 25. b3 Bd7 26. Bc4 Rxc4 27. bxc4 Qxc4 28. Re1 Nh7 29. Qd2 Be6 30. Nf1 Rc8 31. Qe2 Ng5 32. Re3 Qc6 33. Rc1 Bc4 34. Qf2 Ne6 35. h4 Nd4 36. Nh2 Qf6 37. Nf3 Be6 38. Kg1 Nxf3+ 39. Rxf3 Qxh4 40. Qxh4 Bxh4 41. Na4 Na2 42. Rb1 Rxc2 43. Bf2 Bd8 44. Nc5 Bg4 45. Ra3 Nc3 46. Rxb7 Ne2+ 47. Kh2 Bg5 48. Nd3 h4 49. Rb2 Rc4 50. Rb4 Rc2 51. Rb2 Rc4 52. Rb4 Rc2 53. Rb2 Rc4 1/2-1/2

[Event "Kharkov op"]
[Site "Kharkov"]
[Date "2007.10.23"]
[Round "3"]
[White "Kovchan, Alexander"]
[Black "Arzumanian, Georgy"]
[Result "1/2-1/2"]
[WhiteElo "2507"]
[BlackElo "2493"]
[PlyCount "21"]
[EventDate "2007.10.21"]
[EventType "swiss"]
[EventRounds "11"]
[EventCountry "UKR"]
[SourceTitle "EXT 2009"]
[Source "ChessBase"]
[SourceDate "2008.11.26"]
[SourceVersion "1"]
[SourceVersionDate "2008.11.26"]
[SourceQuality "1"]

1. c4 g6 2. Nc3 Bg7 3. g3 c5 4. Bg2 Nc6 5. e3 e5 6. Nge2 Nge7 7. d3 0-0 8. 0-0 d6 9. a3 a5 10. Rb1 Be6 11. Nd5 1/2-1/2

[Event "Istanbul op"]
[Site "Istanbul"]
[Date "2007.09.06"]
[Round "8"]
[White "Arzumanian, Georgy"]
[Black "Savchenko, Stanislav"]
[Result "1/2-1/2"]
[WhiteElo "2465"]
[BlackElo "2571"]
[PlyCount "26"]
[EventDate "2007.08.29"]
[EventType "swiss"]
[EventRounds "9"]
[EventCountry "TUR"]
[SourceTitle "CBM 120 Extra"]
[Source "ChessBase"]
[SourceDate "2007.11.01"]
[SourceVersion "1"]
[SourceVersionDate "2007.11.01"]
[SourceQuality "1"]

1. e4 e6 2. d4 d5 3. Nd2 c5 4. exd5 Qxd5 5. Ngf3 cxd4 6. Bc4 Qd6 7. Qe2 Nf6 8. Nb3 Nc6 9. Bg5 Qb4+ 10. Bd2 Qb6 11. 0-0-0 Bd7 12. Bg5 h6 13. Bh4 Bc5 1/2-1/2

[Event "Istanbul op"]
[Site "Istanbul"]
[Date "2007.09.05"]
[Round "7"]
[White "Gasanov, Eldar"]
[Black "Arzumanian, Georgy"]
[Result "1-0"]
[WhiteElo "2498"]
[BlackElo "2465"]
[PlyCount "79"]
[EventDate "2007.08.29"]
[EventType "swiss"]
[EventRounds "9"]
[EventCountry "TUR"]
[SourceTitle "CBM 120 Extra"]
[Source "ChessBase"]
[SourceDate "2007.11.01"]
[SourceVersion "1"]
[SourceVersionDate "2007.11.01"]
[SourceQuality "1"]

1. d4 d5 2. c4 c6 3. Nf3 Nf6 4. Nc3 dxc4 5. a4 Na6 6. e3 Bg4 7. Bxc4 e6 8. h3 Bh5 9. 0-0 Nb4 10. Qe2 Be7 11. g4 Bg6 12. e4 0-0 13. Bf4 h6 14. Rad1 Bh7 15. Bg3 Kh8 16. Ne5 Nd7 17. Nxd7 Qxd7 18. d5 exd5 19. exd5 c5 20. Bb5 Qd8 21. d6 Bf6 22. Nd5 Nxd5 23. Rxd5 a6 24. Bd3 Bxd3 25. Qxd3 Bd4 26. b4 Qb6 27. Qc4 Rac8 28. d7 Rc6 29. b5 Rg6 30. Rxd4 cxd4 31. Bc7 Qf6 32. Qd5 Rg5 33. d8Q Rxd8 34. Qxd8+ Qxd8 35. Bxd8 Rd5 36. Bb6 axb5 37. axb5 d3 38. Rb1 d2 39. Rd1 Rxb5 40. Be3 1-0

[Event "Istanbul op"]
[Site "Istanbul"]
[Date "2007.09.04"]
[Round "6"]
[White "Pashikian, Arman"]
[Black "Arzumanian, Georgy"]
[Result "0-1"]
[WhiteElo "2528"]
[BlackElo "2465"]
[PlyCount "82"]
[EventDate "2007.08.29"]
[EventType "swiss"]
[EventRounds "9"]
[EventCountry "TUR"]
[SourceTitle "CBM 120 Extra"]
[Source "ChessBase"]
[SourceDate "2007.11.01"]
[SourceVersion "1"]
[SourceVersionDate "2007.11.01"]
[SourceQuality "1"]

1. d4 d5 2. Nf3 c6 3. c4 Nf6 4. Nc3 e6 5. Bg5 Nbd7 6. e3 Bd6 7. cxd5 exd5 8. Bd3 0-0 9. Qc2 Be7 10. h3 Re8 11. 0-0-0 Nf8 12. g4 Be6 13. Ne5 N6d7 14. Bxe7 Qxe7 15. f4 f6 16. Nf3 c5 17. Rde1 Rac8 18. g5 cxd4 19. exd4 Qd6 20. Qd2 Bf7 21. Kb1 Bg6 22. gxf6 Bxd3+ 23. Qxd3 Nxf6 24. Ne5 a6 25. Rhg1 Rc7 26. Qf5 Rce7 27. Rg2 Qe6 28. Qg5 Qb6 29. Rd1 Kh8 30. Qg3 Qe6 31. Qd3 b5 32. Rdg1 Qb6 33. Rd1 Ne6 34. Qe3 Nf8 35. Qf3 Qe6 36. Rdg1 b4 37. Na4 Qf5+ 38. Ka1 Ne6 39. Nc5 Nxc5 40. Rg5 Qe4 41. dxc5 Rxe5 0-1

[Event "Donskoj"]
[Site "Donskoj"]
[Date "2007.07.16"]
[Round "13"]
[White "Castaneda, Georgui"]
[Black "Arzumanian, Georgy"]
[Result "1/2-1/2"]
[WhiteElo "2457"]
[BlackElo "2465"]
[PlyCount "51"]
[EventDate "2007.07.09"]
[EventType "tourn"]
[EventRounds "13"]
[EventCountry "RUS"]
[EventCategory "4"]
[SourceTitle "EXT 2009"]
[Source "ChessBase"]
[SourceDate "2008.11.26"]
[SourceVersion "1"]
[SourceVersionDate "2008.11.26"]
[SourceQuality "1"]

1. e4 c5 2. Nf3 Nc6 3. d4 cxd4 4. Nxd4 Nf6 5. Nc3 e5 6. Ndb5 d6 7. Bg5 a6 8. Na3 b5 9. Nd5 Be7 10. Bxf6 Bxf6 11. c3 0-0 12. Nc2 Bg5 13. a4 bxa4 14. Rxa4 a5 15. Bc4 Rb8 16. b3 Kh8 17. 0-0 f5 18. exf5 Bxf5 19. Nce3 Bg6 20. Bd3 Bxd3 21. Qxd3 Bxe3 22. fxe3 Rxf1+ 23. Qxf1 Rxb3 24. Rc4 Rb5 25. Nc7 Rb6 26. Nd5 1/2-1/2